000 01275nam a22003617a 4500
003 CHAP
005 20220817043006.0
008 971013s1993 r 00010 d
010 _a62098
011 _a63070
035 _a67246
040 _cCHAP
082 _a080
_bS45Y v.4
100 0 0 _aCaldwell, Lynton Keith.
_917455
245 _aEcología
_b: ciencia y política medioambiental
260 _aMéxico, D. F. :
_bMcGraw-Hill,
_c1993
300 _a251 p.
490 _aSerie McGraw-Hill de divulgación científica
_v; 4
590 _aBATCH-UPD
_b10
_c20130110
_lUCH01
_h0335
590 _aBATCH-UPD
_b10
_c20130110
_lUCH01
_h1804
590 _aBATCH-UPD
_b10
_c20130410
_lUCH01
_h0008
590 _aBATCH-UPD
_b10
_c20130914
_lUCH01
_h0817
590 _aCONVERSION
_b10
_c20130109
_lUCH01
_h1333
650 1 4 _aDesarrollo sustentable.
650 1 4 _aEcología.
_935134
650 1 4 _aMedio ambiente
_xInvestigación.
_974093
650 1 4 _aPolítica ambiental.
_990422
830 0 _aSerie McGraw-Hill de divulgación científica
_v; 4
_9104963
901 _aBK
942 _cLIBRO
949 _a080 S45Y v.4
_bBC
_cLIBRO
_d33724000627949
_eLIBRO
_gI. c/e
_h91576
_i67246
_si
_t66.00
949 _a080 S45Y v.4
_bBC
_cLIBRO
_d33724000627956
_eLIBRO
_fc.2
_gI. c/e
_h91577
_i67246
_si
_t66.00
999 _c62098
_d62098